000 00460nam a2200205Ia 4500
001 12005
003 GE_BSU
008 181216s||||||||xx |||||||||||||| ||und||
020 _a0751520187
040 _cGE_BSU
080 _a821.111-32.1
100 _aKellerman,Jonathan
245 _aSurvival of the fittest
260 _aLondon
260 _bWarner books.
260 _c1997.
300 _a502P;18CM.
653 _aSurvival of the fittest
942 _cBK
999 _c45182
_d45182